000 00841nam a2200229zu 4500
007 ta
008 230901s2023 xxk||||| |||| 00| 0 eng d
041 _aeng
110 _9441
_aInstitution of Structural Engineers
245 _aReinforced Autoclaved Aerated Concrete planks (RAACs)
260 _bInstitution of Structural Engineers
_cAugust 2023
520 _aOutlines the IStructE Study Group.
650 _aBUILDING DEFECTS
650 _aCONCRETE
650 _aEDUCATION BUILDINGS
650 _aREINFORCED AUTOCLAVED AERATED CONCRETE
650 _aSCHOOLS
651 _aUnited Kingdom
690 _96223
_aBuilding materials & defects
710 _9441
_aInstitution of Structural Engineers
856 _uhttps://www.istructe.org/get-involved/study-groups/reinforced-autoclaved-aerated-concrete-planks/
_zAvailable from iStructE
999 _c121661
_d121661